Begins and Ends with 'M' Quiz Stats

 Plays Quiz Updated Sep 19, 2018

Score 0/17 Timer 04:00
1 Play Today
Hint Word % Correct
An institution which houses a collection of artifacts, Ben Stiller spent a night in one (three times!)Museum
91.4%
A period of 1000 yearsMillennium
90.5%
Edible fungus or a cloud resulting from a very large explosionMushroom
83.9%
Palindromic word for a woman who manages a brothelMadam
81.5%
An x-ray of a breast, esp. for detection of tumors.Mammogram
81.2%
Person through whom communication with the spirit world is channelledMedium
77.4%
A computer-phone link, Sporcle loads kinda slowly on 28.8kModem
74.4%
A small or modest amountModicum
71.5%
A rule of conduct or an international men's magazineMaxim
68.5%
Hint Word % Correct
Element with the atomic number 12Magnesium
66.1%
TV private investigator based in Hawaii played by Tom SelleckMagnum
64.6%
A design (often one's initials) consisting of two or more letters interlacedMonogram
60.9%
To gain pleasure from receiving the painMasochism
54.4%
In physics, this has the symbol 'p'Momentum
48.1%
Culinary herb from the mint familyMarjoram
24.7%
A very powerful whirlpool also a Marvel comic book characterMaelstrom
16.1%
Period of European art during the 16th centuryMannerism
4.8%

You're not logged in!

Compare scores with friends on all Sporcle quizzes.
OR
Log In

Show Comments

Extras

Top Quizzes Today


Score Distribution

Your Account Isn't Verified!

In order to create a playlist on Sporcle, you need to verify the email address you used during registration. Go to your Sporcle Settings to finish the process.

Report this User

Report this user for behavior that violates our Community Guidelines.

Details: